| 000 | 00595nam a2200217Ia 4500 | ||
|---|---|---|---|
| 005 | 20251121154610.0 | ||
| 008 | 230125s9999 xx 000 0 und d | ||
| 020 | _a9788184951721 | ||
| 041 | _aeng | ||
| 082 |
_a158.1 _bPRO |
||
| 100 |
_aProctor B _9215333 |
||
| 245 |
_aBecome a Magnet To Money _bThrough the Sea of Unlimited Consciousness |
||
| 250 | _aEd.4th | ||
| 260 |
_c2013 _bJaico Publishing House _aMumbai |
||
| 300 | _a196p | ||
| 500 | _aPersonality Development | ||
| 650 |
_aPersonality Development _9213420 |
||
| 700 |
_aProctor B _9215333 |
||
| 906 | _b92.69 | ||
| 942 | _cBK | ||
| 999 |
_c94854 _d94854 |
||